Statistics for Oceans Of Earth

Click here to take the quiz!

General Stats

  • This quiz has been taken 221 times
  • The average score is 4 of 5

Answer Stats

Oceans% Correct
Atlantic Ocean
98%
Pacific Ocean
98%
Arctic Ocean
72%
Antarctic Ocean
61%
Indian Ocean
45%

Score Distribution

Percentile by Number Answered

Percent of People with Each Score

Your Score History

You have not taken this quiz